Estatísticas para Cultura Geral

Clique aqui para jogar o quiz

Estatísticas Gerais

  • Esse quiz foi jogado 18 vezes
  • A pontuação média é 5 de 15

Estatísticas das Respostas

HintResposta% Correto
Qual é a capital da Suíça?Berna
87%
Que desporto pratica Michael Phelps?Natação
87%
Em qual cidade latino-americana você encontraria o coração de Camila Cabello? (Ooh na-na)Havana
73%
Qual é o nome da bruxa do mar que é a principal vilã da Pequena Sereia?Úrsula
47%
Qual é o nome da babá mágica que pode voar usando seu guarda-chuva?Mary Poppins
33%
Que personagem lendário transformou em ouro tudo o que tocava?Midas
33%
Na história "A Pequena Sereia" o que Ariel tem que abrir mão, em troca de ser transformada em humana por três dias?Voz
33%
Que tipo de criatura é Sebastian da história "A Pequena Sereia"?Caranguejo
27%
Na história "A Pequena Sereia" qual é o nome do príncipe por quem Ariel se apaixona?Eric
20%
Qual é o nome em português para a Côte d'Azur da França?Riviera francesa
20%
Qual é o animal nacional da Austrália?Emu
13%
Quem canta a música "Good Vibrations"?The Beach Boys
13%
Quem canta a música "Candyman"?Christina Aguilera
7%
Em qual capital europeia você encontraria uma estátua da Pequena Sereia?Copenhaga
7%
Quem escreveu o conto de fadas original "A Pequena Sereia"?Hans Christian Anderson
0%

Distribuição das Pontuações

Percentil de Números Respondidos

Porcentagem de Pessoas com Cada Pontuação

Sua Pontuação Histórica

Você não jogou esse quiz